Statystyki dla Państwa z najniższym wskaźnikiem nierównomierności dochodów

Kliknij tutaj aby rozwiązać quiz!

Ogólne statystyki

  • Ten quiz został rozwiązany 17 razy
  • Średni wynik to 6 z 10

Statystyki odpowiedzi

#PaństwoProcent% Poprawnych
1.Dania24,7%
81%
8.Finlandia26,9%
81%
5.Norwegia25,8%
81%
3.Szwecja25%
81%
2.Japonia24,9%
75%
4.Czechy25,4%
44%
6.Słowacja25,8%
44%
10.Ukraina28,1%
31%
9.Węgry26,9%
25%
7.Bośnia i Hercegowina26,2%
13%

Rozkład punktacji

Percentyl według liczby udzielonych odpowiedzi

Procent ludzi z każdym wynikiem

Twoja historia wyników

Nie rozwiązałeś tego quizu